000 00375pab a2200145 454500
008 180718b1995 xxu||||| |||| 00| 0 eng d
245 _aREVIEW of women studies (a special feature)
260 _c1995
300 _ap.WS50-92
362 _a28 Oct
650 _aWomen - India
650 _aWomen's studies - India
773 _aEconomic and Political Weekly
909 _a29898
999 _c29898
_d29898